000 00389nam a2200133Ia 4500
005 20260328104338.0
008 260328s9999||||xx |||||||||||||| ||und||
100 _aDávila, Julio D.
245 0 _aPlanificación y Politica en Bocotá . la Vida de Jorge Caitán Cortes /
_cJulio D. Dávila
260 _bAlcaldía Mayor de Bogotá
300 _a223 p.
650 _aCOLOMBIA
942 _cBK
999 _c12001
_d12001